000 00703nam a2200205Ia 4500
001 2957
003 GE_BSU
008 181216s||||||||xx |||||||||||||| ||und||
040 _cGE_BSU
080 _a66.02+665.63(075.8)
100 _aФарамазов,С.А.
245 _aОборудование нефтеперерабатывающих заводов и его экспуалатация.
245 _cРед. Р.Е.Миневич.
260 _aМ.
260 _bХимия.
260 _c1978.
300 _a352 стр. с илл. 22 см.
653 _aОборудование нефтеперерабатывающих заводов и его экспуалатация.
942 _cBK
999 _c37005
_d37005